banner-ar

مرحلة التشيع فى المغرب العربى واثرها فى الحياة الادبية / (Record no. 66384)

MARC details
000 -الفاتح
حقل البيانات ثابتة الطول 00870nam a22002297a 4500
005 - وقت وتاريخ اخر تعامل مع التسجيلة
رقم الضبط 20240530110915.0
008 - عناصر البيانات ثابتة الطول - معلومات عامة
حقل البيانات ثابتة الطول 220509s1983 ua a b b 000 0 ara d
017 ## - رقم الايداع القانونى
المصدر ( الهيئة المختصة) مصر. دار الكتب
040 ## - مصدر الفهرسة
وكالة الفهرسة الأصلية EG-CaGPL
وكالة النسخ EG-CaGPL
082 04 - رقم تصنيف ديوى العشرى
رقم الطبعة 21
رقم التصنيف 810.971\
رقم المادة م م
100 0# - المدخل الرئيسى - إسم شخصى
الإسم الشخصى محمد طه الحاجرى
245 10 - بيان العنوان
العنوان مرحلة التشيع فى المغرب العربى واثرها فى الحياة الادبية /
بيان المسئوليه,etc محمد طه الحاجرى
250 ## - بيان الطبعة
بيان الطبعة ط.1
260 ## - PUBLICATION, DISTRIBUTION, ETC. (IMPRINT)
تاريخ النشر أو التوزيع 1983
300 ## - الوصف المادى
التعداد 151 ص. ؛
أبعاد الوعاء 24 سم
650 07 - المدخل الاضافى بالموضوع-مصطلح موضوعى
مصدر الرأس أو المصطلح qrmak
مصطلح موضوعي الادب العربى
650 07 - المدخل الاضافى بالموضوع-مصطلح موضوعى
مصطلح موضوعي الادب الشعبى
التقسيم الفرعي الجغرافي المغرب
مصدر الرأس أو المصطلح qrmak
650 07 - المدخل الاضافى بالموضوع-مصطلح موضوعى
مصطلح موضوعي الادب العربى
التقسيم الفرعي العام تاريخ ونقد
مصدر الرأس أو المصطلح qrmak
التقسيم الفرعي الجغرافي المغرب
651 ## - المدخل الاضافى بالموضوع - اسم جغرافى
مصدر الرأس أو المصطلح qrmak
942 ## - عناصر المدخل الإضافي( كوها)
مصدر التصنيف او مخطط الترفيف Dewey Decimal Classification
Koha [default] item type كتاب
260 ## - PUBLICATION, DISTRIBUTION, ETC. (IMPRINT)
-- القاهرة :
-- دار النهضة العربية،
Holdings
حالة التراجع حالة الفقد حالة تلف ليس للاعارة المكان المؤقت الموقع الحالى موقع الترفيف تاريخ الاكتساب اجمالي اﻻعارات رقم الطلب الباركود تاريخ اخر مشاهدة تاريخ تفعيل السعر نوع وعاء كوها
        مكتبة القاهرة الكبرى مكتبة القاهرة الكبرى ق الرئيسية_الأداب_ك عربى 05/09/2022   810.971\ م م 167833 05/09/2022 05/09/2022 كتاب
        مكتبة القاهرة الكبرى مكتبة القاهرة الكبرى   05/09/2022   810.971\ م م 167843 05/09/2022 05/09/2022 كتاب
        مكتبة القاهرة الكبرى مكتبة القاهرة الكبرى   05/09/2022   810.971\ م م 167844 05/09/2022 05/09/2022 كتاب

Powered By

EGPV